[Event "Madrid ch 2016-2017 - Final"]
[Site "Madrid ESP"]
[Date "2017.06.09"]
[Round "5.3"]
[White "Valles Moreno, Ivan"]
[Black "Pastor Alonso De Prado, Alberto"]
[Result "1-0"]
[WhiteElo "2438"]
[BlackElo "2169"]
[PlyCount "121"]
[EventDate "2017.06.05"]
[EventType "swiss"]
[EventRounds "9"]
[EventCountry "ESP"]
[SourceTitle "Ajedrez en Madrid"]
[Source "lmi"]
[SourceDate "2017.06.05"]

1. e4 b6 2. d4 Bb7 3. Bd3 Nf6 4. Qe2 Nc6 5. c3 e5 6. Nf3 d6 7. O-O Nd7 8. Rd1
Be7 9. Nbd2 O-O 10. Nf1 Bf6 11. Bc2 a5 12. Be3 Qe7 13. Ng3 g6 14. a3 Rfe8 15.
d5 Ncb8 16. b4 Na6 17. Ba4 Rec8 18. Nd2 Nab8 19. Qg4 Bg7 20. Bb5 Nf6 21. Qe2 h5
22. Nf3 Ng4 23. Bg5 Qf8 24. h3 Nf6 25. Qd2 Ba6 26. Bxa6 Rxa6 27. Rac1 Nbd7 28.
c4 axb4 29. axb4 Rca8 30. Kh2 Nh7 31. Be3 Ra2 32. Rc2 Rxc2 33. Qxc2 Bh6 34. Qd2
Bxe3 35. Qxe3 Qe7 36. Rd3 h4 37. Ne2 Ndf6 38. Nc3 Nh5 39. Nb5 Ra4 40. Ra3 Rxb4
41. Qh6 Rxc4 42. Ra8+ Nf8 43. Ng5 Nf6 44. Na7 b5 45. Nc8 Qe8 46. Nb6 cxb6 47.
Rxe8 Nxe8 48. Qxh4 b4 49. Qg4 b3 50. Qf3 Rc7 51. Qxb3 Nd7 52. Qa3 Rb7 53. Qa8
Rb8 54. Qa7 Nef6 55. Qc7 b5 56. Qxd6 b4 57. Qe7 b3 58. Qxf7+ Kh8 59. Qxg6 Rf8
60. Qh6+ Kg8 61. Ne6 1-0

[Event "Madrid ch 2016-2017 - Final"]
[Site "Madrid ESP"]
[Date "2017.06.09"]
[Round "5.4"]
[White "Gascon Del Nogal, Jose Rafael"]
[Black "Candela Perez, Jose"]
[Result "1-0"]
[WhiteElo "2490"]
[BlackElo "2370"]
[PlyCount "109"]
[EventDate "2017.06.05"]
[EventType "swiss"]
[EventRounds "9"]
[EventCountry "ESP"]
[SourceTitle "Ajedrez en Madrid"]
[Source "lmi"]
[SourceDate "2017.06.05"]

1. e4 c6 2. d4 d5 3. Nd2 dxe4 4. Nxe4 Bf5 5. Ng3 Bg6 6. h4 h6 7. Nf3 Nd7 8. h5
Bh7 9. Bd3 Bxd3 10. Qxd3 e6 11. Bd2 Ngf6 12. O-O-O Be7 13. Kb1 O-O 14. Ne4 Nxe4
15. Qxe4 Nf6 16. Qe2 Qd5 17. Be3 Ng4 18. Bc1 Rad8 19. Ne5 Nxe5 20. dxe5 Qb5 21.
c4 Qa5 22. a3 Rxd1 23. Rxd1 Rd8 24. Rxd8+ Qxd8 25. Be3 a6 26. g4 Qd7 27. f3 b5
28. Kc2 c5 29. Qd3 Qc6 30. Qe4 Qc8 31. b3 Bf8 32. Bd2 Qc7 33. f4 Qc8 34. g5
hxg5 35. fxg5 bxc4 36. Qxc4 Qc6 37. g6 Qf3 38. Qf4 Qb7 39. Kc3 Qd7 40. Be3 Qb7
41. Qxf7+ Qxf7 42. gxf7+ Kxf7 43. Kc4 g6 44. hxg6+ Kxg6 45. Bxc5 Bh6 46. b4 Kf7
47. Bd6 Be3 48. b5 axb5+ 49. Kxb5 Ke8 50. Kc6 Bd4 51. a4 Kd8 52. a5 Kc8 53. a6
Ba7 54. Bc5 Bb8 55. a7 1-0

[Event "Madrid ch 2016-2017 - Final"]
[Site "Madrid ESP"]
[Date "2017.06.09"]
[Round "5.5"]
[White "Martinez Fernandez, Raul"]
[Black "Perez Mitjans, Orelvis"]
[Result "0-1"]
[WhiteElo "2066"]
[BlackElo "2413"]
[PlyCount "126"]
[EventDate "2017.06.05"]
[EventType "swiss"]
[EventRounds "9"]
[EventCountry "ESP"]
[SourceTitle "Ajedrez en Madrid"]
[Source "lmi"]
[SourceDate "2017.06.05"]

1. e4 e5 2. Nf3 Nc6 3. Bc4 Nf6 4. d3 Be7 5. Nc3 O-O 6. a3 d6 7. h3 Be6 8. Bxe6
fxe6 9. O-O Nd4 10. Nxd4 exd4 11. Ne2 c5 12. Ng3 Rc8 13. b3 Rf7 14. Qe2 d5 15.
Bg5 Rc6 16. Rae1 b5 17. exd5 Nxd5 18. Bxe7 Qxe7 19. Qe5 Qc7 20. Qxc7 Rfxc7 21.
Re5 Ra6 22. Ne4 h6 23. Re1 Kf7 24. b4 cxb4 25. axb4 Rxc2 26. Nc5 Raa2 27. Nxe6
Nf6 28. Nxd4 Rxf2 29. Ne2 Nd7 30. Rxb5 Rfxe2 31. Rxe2 Rxe2 32. Rb7 Ke7 33. Rxa7
Rb2 34. Ra4 Nb6 35. Ra7+ Kf8 36. Rb7 Rxb4 37. Kf2 Nd5 38. Ra7 Rb3 39. d4 Rb4
40. Ra8+ Kf7 41. Ra7+ Kg8 42. Ra8+ Kh7 43. Kf3 Rxd4 44. Rd8 Rd1 45. g4 Nc3 46.
Rc8 Rd3+ 47. Kg2 Ne4 48. Re8 Nf6 49. Ra8 g5 50. Ra7+ Rd7 51. Ra6 Kg7 52. Kf3
Rd3+ 53. Kg2 Nd5 54. Ra7+ Kf8 55. Ra8+ Ke7 56. Ra7+ Kd8 57. h4 gxh4 58. Ra6
Rg3+ 59. Kh2 Ne3 60. Kh1 Rh3+ 61. Kg1 Nxg4 62. Rg6 h5 63. Kg2 Ra3 0-1

[Event "Madrid ch 2016-2017 - Final"]
[Site "Madrid ESP"]
[Date "2017.06.09"]
[Round "5.6"]
[White "Martin Duque, Jesus"]
[Black "Prieto Martin, Alfonso"]
[Result "1-0"]
[WhiteElo "2342"]
[BlackElo "2210"]
[PlyCount "145"]
[EventDate "2017.06.05"]
[EventType "swiss"]
[EventRounds "9"]
[EventCountry "ESP"]
[SourceTitle "Ajedrez en Madrid"]
[Source "lmi"]
[SourceDate "2017.06.05"]

1. e4 c5 2. Nf3 e6 3. d4 cxd4 4. Nxd4 Nf6 5. Nc3 Nc6 6. Ndb5 Bb4 7. a3 Bxc3+ 8.
Nxc3 d5 9. Bd3 dxe4 10. Nxe4 Nxe4 11. Bxe4 Qxd1+ 12. Kxd1 Bd7 13. Be3 O-O 14.
Kc1 Rfd8 15. b3 Na5 16. Bd2 Nc6 17. Kb2 Rac8 18. Bc3 Be8 19. Rad1 f6 20. f4 Bg6
21. Bf3 Rxd1 22. Rxd1 Rd8 23. Rxd8+ Nxd8 24. Bd4 a6 25. Bb6 Nc6 26. c4 e5 27.
fxe5 fxe5 28. b4 e4 29. Be2 Kf7 30. b5 Ne5 31. bxa6 bxa6 32. c5 Nd3+ 33. Kc3
Ke6 34. Kd4 Bf5 35. g4 Bg6 36. Bd1 Nf2 37. Be2 Nd3 38. h3 Kd7 39. Bd1 Nf2 40.
Ba4+ Ke6 41. Bb3+ Kd7 42. Bd5 Be8 43. c6+ Kd6 44. c7 Bd7 45. Bb7 Nxh3 46. c8=Q
Bxc8 47. Bxc8 Ng5 48. Bxa6 g6 49. Bc5+ Kc6 50. Be7 Ne6+ 51. Kxe4 Kd7 52. Bb4 h5
53. Bb5+ Kc7 54. Ke5 Ng5 55. gxh5 gxh5 56. Bc4 h4 57. Kf4 Nh3+ 58. Kg4 Nf2+ 59.
Kxh4 Kb6 60. Kg3 Nd1 61. Kf3 Nb2 62. Bf1 Na4 63. Ke4 Kc6 64. Kd4 Nb6 65. Ba5
Nd7 66. a4 Nb8 67. Bg2+ Kd7 68. Kc5 Kc8 69. Kd6 Na6 70. Bc3 Nc7 71. Kc6 Na6 72.
Kb6 Nb8 73. Bh3+ 1-0

[Event "Madrid ch 2016-2017 - Final"]
[Site "Madrid ESP"]
[Date "2017.06.09"]
[Round "5.7"]
[White "Longa Yauca, Javier"]
[Black "Iagar, Razvan-Gabriel"]
[Result "1-0"]
[WhiteElo "2210"]
[BlackElo "2183"]
[PlyCount "111"]
[EventDate "2017.06.05"]
[EventType "swiss"]
[EventRounds "9"]
[EventCountry "ESP"]
[SourceTitle "Ajedrez en Madrid"]
[Source "lmi"]
[SourceDate "2017.06.05"]

1. d4 d5 2. Nf3 Nf6 3. c4 c6 4. Nc3 e6 5. Bg5 Nbd7 6. e3 Qa5 7. Nd2 Bb4 8. Qc2
O-O 9. Bh4 e5 10. dxe5 Ne4 11. Nb3 Bxc3+ 12. bxc3 Qxc3+ 13. Qxc3 Nxc3 14. f4
dxc4 15. Bxc4 Nb6 16. Nd2 Ncd5 17. Kf2 Nxc4 18. Nxc4 f6 19. exf6 Nxf6 20. Bxf6
Rxf6 21. Rhd1 Bg4 22. Rd2 b6 23. Rc1 c5 24. Ne5 Be6 25. g3 Rff8 26. e4 Rfd8 27.
Rcd1 Rxd2+ 28. Rxd2 g6 29. Ke3 Rc8 30. g4 Re8 31. h3 Kg7 32. a3 Kf6 33. h4 h6
34. g5+ hxg5 35. hxg5+ Kg7 36. Rd6 Kh7 37. a4 Kg7 38. Rc6 Re7 39. a5 bxa5 40.
Rxc5 a4 41. Ra5 Bb3 42. f5 gxf5 43. exf5 Rb7 44. Nc6 Kh7 45. Kf4 Bc2 46. Ke5
Kg7 47. Nd4 Bb3 48. Ra6 Kh7 49. Nc6 Kg7 50. Kf4 Rc7 51. f6+ Kh7 52. Ne5 Rb7 53.
Rc6 a3 54. g6+ Kh6 55. Rc8 Rb4+ 56. Kf5 1-0

[Event "Madrid ch 2016-2017 - Final"]
[Site "Madrid ESP"]
[Date "2017.06.09"]
[Round "5.8"]
[White "Correas Gonzalez, Jose Ramon"]
[Black "Rottenwohrer Suarez, Juan"]
[Result "0-1"]
[WhiteElo "2055"]
[BlackElo "2204"]
[PlyCount "74"]
[EventDate "2017.06.05"]
[EventType "swiss"]
[EventRounds "9"]
[EventCountry "ESP"]
[SourceTitle "Ajedrez en Madrid"]
[Source "lmi"]
[SourceDate "2017.06.05"]

1. e4 c5 2. Nf3 g6 3. d4 cxd4 4. Nxd4 Nc6 5. Nc3 Bg7 6. Be3 Nf6 7. Bc4 O-O 8.
Bb3 a5 9. O-O d6 10. Ndb5 Bd7 11. Qe2 Ne5 12. f3 a4 13. Nxa4 Qa5 14. Nac3 Rfc8
15. Rad1 h5 16. a4 Bc6 17. Nd4 Ned7 18. Nxc6 bxc6 19. Qf2 Rab8 20. Rd2 c5 21.
Bc4 Rxb2 22. Nd1 Rb1 23. Bb5 Nb6 24. e5 Nfd5 25. exd6 exd6 26. Bg5 Qb4 27. c4
Nc3 28. Nxc3 Bxc3 29. Rdd1 Rxd1 30. Rxd1 Nxc4 31. Qe2 Bd4+ 32. Kh1 Ne5 33. Bf6
Qb3 34. Re1 Qe6 35. Bg5 Qf5 36. Be7 c4 37. Bxd6 Nd3 0-1

[Event "Madrid ch 2016-2017 - Final"]
[Site "Madrid ESP"]
[Date "2017.06.09"]
[Round "5.9"]
[White "Torres Bosch, Jose Francisco"]
[Black "Casares Ripoll, Fernando"]
[Result "1-0"]
[WhiteElo "2132"]
[BlackElo "2087"]
[PlyCount "129"]
[EventDate "2017.06.05"]
[EventType "swiss"]
[EventRounds "9"]
[EventCountry "ESP"]
[SourceTitle "Ajedrez en Madrid"]
[Source "lmi"]
[SourceDate "2017.06.05"]

1. e4 e5 2. d4 exd4 3. c3 d5 4. exd5 Qxd5 5. Nf3 Nf6 6. Be2 dxc3 7. Qc2 Qe4 8.
Qb3 cxb2 9. Bxb2 Qb4+ 10. Nc3 Qxb3 11. axb3 Bc5 12. Nb5 Bb6 13. Be5 Na6 14. Rc1
Ba5+ 15. Kf1 Bd7 16. Bxc7 Bxc7 17. Nxc7+ Nxc7 18. Rxc7 O-O 19. Rxb7 Rfb8 20.
Rxb8+ Rxb8 21. Bc4 Bb5 22. Bxb5 Rxb5 23. Nd2 Re5 24. f3 Nd5 25. Nc4 Ne3+ 26.
Kf2 Nxc4 27. bxc4 Kf8 28. Rb1 a5 29. Ra1 Ke7 30. Ra4 g5 31. g3 Kd6 32. f4 gxf4
33. gxf4 Rc5 34. Ke3 Kc6 35. Ra2 Kb6 36. Rb2+ Kc6 37. Kd4 a4 38. Kc3 a3 39. Ra2
Rf5 40. Rxa3 Rxf4 41. Ra6+ Kc5 42. Ra5+ Kc6 43. Rh5 f5 44. Kb4 Rf2 45. Rh6+ Kc7
46. Kc5 f4 47. Rxh7+ Kd8 48. Kd6 Rd2+ 49. Kc6 f3 50. c5 Ke8 51. Rh4 f2 52. Rf4
Ra2 53. h4 Ra4 54. Rxf2 Rxh4 55. Rd2 Rb4 56. Kc7 Rb1 57. c6 Rb3 58. Re2+ Kf7
59. Kd7 Rd3+ 60. Kc8 Rb3 61. c7 Rb1 62. Re4 Rb2 63. Kd7 Rd2+ 64. Kc6 Rc2+ 65.
Kb6 1-0

[Event "Madrid ch 2016-2017 - Final"]
[Site "Madrid ESP"]
[Date "2017.06.09"]
[Round "5.10"]
[White "Anton Veiga, Juan Carlos"]
[Black "Quispe Arteaga, Gabriel"]
[Result "1-0"]
[WhiteElo "2096"]
[BlackElo "2294"]
[PlyCount "49"]
[EventDate "2017.06.05"]
[EventType "swiss"]
[EventRounds "9"]
[EventCountry "ESP"]
[SourceTitle "Ajedrez en Madrid"]
[Source "lmi"]
[SourceDate "2017.06.05"]

1. e4 c5 2. Nf3 Nc6 3. d4 cxd4 4. Nxd4 g6 5. Nc3 Bg7 6. Be3 Nf6 7. Bc4 O-O 8.
Bb3 d6 9. f3 Bd7 10. Qd2 Nxd4 11. Bxd4 b5 12. h4 h5 13. g4 e5 14. Be3 hxg4 15.
h5 Nxh5 16. O-O-O Kh7 17. Qxd6 gxf3 18. Qxd7 Qxd7 19. Rxd7 f5 20. Bd5 f4 21.
Bf2 Rad8 22. Rxa7 Kh6 23. Be6 Bf6 24. Nd5 Rd6 25. Bc5 1-0

[Event "Madrid ch 2016-2017 - Final"]
[Site "Madrid ESP"]
[Date "2017.06.09"]
[Round "5.11"]
[White "Pindado Campos, Raul"]
[Black "Quevedo Marin, Manuel"]
[Result "0-1"]
[WhiteElo "2056"]
[BlackElo "2292"]
[PlyCount "78"]
[EventDate "2017.06.05"]
[EventType "swiss"]
[EventRounds "9"]
[EventCountry "ESP"]
[SourceTitle "Ajedrez en Madrid"]
[Source "lmi"]
[SourceDate "2017.06.05"]

1. d4 d5 2. Nf3 Nf6 3. c4 dxc4 4. Nc3 a6 5. a4 Nc6 6. a5 e6 7. Bg5 Bb4 8. e4 h6
9. Bxf6 Qxf6 10. Bxc4 O-O 11. e5 Qd8 12. O-O Nxa5 13. Bd3 Nc6 14. Bc2 Be7 15.
Qd3 g6 16. Qe4 Nb4 17. Bb1 Bd7 18. Qg4 Kg7 19. Ne2 Bb5 20. Nf4 Bg5 21. Bxg6 Nd5
22. Nh5+ Kh8 23. Bb1 Rg8 24. Qe4 Rg6 25. Re1 Qg8 26. Qg4 Bd2 27. Bxg6 Bxe1 28.
Rxe1 Qxg6 29. Qh4 Rg8 30. g3 Bc6 31. Nf4 Nxf4 32. Qxf4 Kh7 33. Rc1 Qh5 34. Rc3
Rg4 35. Qf6 Rxd4 36. Rxc6 Rd1+ 37. Kg2 bxc6 38. Qf4 Qf5 39. Qc4 Qd3 0-1

[Event "Madrid ch 2016-2017 - Final"]
[Site "Madrid ESP"]
[Date "2017.06.09"]
[Round "5.12"]
[White "Lopez De Turiso, Jose Angel"]
[Black "Rosa Ramirez, Victor D"]
[Result "1-0"]
[WhiteElo "2061"]
[BlackElo "1957"]
[PlyCount "83"]
[EventDate "2017.06.05"]
[EventType "swiss"]
[EventRounds "9"]
[EventCountry "ESP"]
[SourceTitle "Ajedrez en Madrid"]
[Source "lmi"]
[SourceDate "2017.06.05"]

1. e4 e6 2. c4 c5 3. Nc3 Nc6 4. Nf3 Nge7 5. d4 Nxd4 6. Nxd4 cxd4 7. Qxd4 Nc6 8.
Qd1 Bc5 9. Be2 d6 10. O-O O-O 11. Na4 e5 12. a3 Be6 13. b4 Bd4 14. Rb1 b6 15.
Be3 Rc8 16. Qd2 Qe7 17. Rbc1 Rfd8 18. Nc3 Qb7 19. Nd5 Bxd5 20. exd5 Bxe3 21.
fxe3 Ne7 22. Bg4 Rc7 23. e4 Ra8 24. h4 a5 25. Rc3 axb4 26. axb4 Rf8 27. h5 h6
28. Qf2 Kh8 29. c5 bxc5 30. bxc5 Qb4 31. Rf3 f6 32. cxd6 Qxd6 33. Qe3 Rb7 34.
Be6 Kh7 35. Qa3 Qb6+ 36. Kh2 Ra7 37. Qe3 Qb8 38. Rc1 Ra6 39. Qc5 Qd6 40. Qxd6
Rxd6 41. Rc7 Ng8 42. Rg3 1-0

[Event "Madrid ch 2016-2017 - Final"]
[Site "Madrid ESP"]
[Date "2017.06.09"]
[Round "5.13"]
[White "Pana, Dorin"]
[Black "Serrano Garcia, Vicente"]
[Result "1-0"]
[WhiteElo "2038"]
[BlackElo "1841"]
[PlyCount "97"]
[EventDate "2017.06.05"]
[EventType "swiss"]
[EventRounds "9"]
[EventCountry "ESP"]
[SourceTitle "Ajedrez en Madrid"]
[Source "lmi"]
[SourceDate "2017.06.05"]

1. e4 e6 2. d4 d5 3. Nd2 c5 4. Bb5+ Bd7 5. Bxd7+ Qxd7 6. exd5 Qxd5 7. Ndf3 Nc6
8. Be3 cxd4 9. Bxd4 O-O-O 10. Bc3 Qxd1+ 11. Rxd1 Rxd1+ 12. Kxd1 f6 13. Ne2 Bc5
14. Ned4 Nxd4 15. Bxd4 Bxd4 16. Nxd4 Kd7 17. Ke2 e5 18. Nf5 g6 19. Rd1+ Ke6 20.
Ne3 Ne7 21. c4 Nc6 22. Rd5 Rd8 23. a3 Nd4+ 24. Kd3 Rxd5 25. Nxd5 a6 26. b4 Nc6
27. f3 f5 28. Nb6 g5 29. Na4 Kd6 30. Nc5 Nd8 31. h3 h5 32. g4 e4+ 33. Ke3 hxg4
34. fxg4 b6 35. Nxa6 fxg4 36. hxg4 Ke5 37. c5 bxc5 38. Nxc5 Nc6 39. Nxe4 Nd4
40. Kd3 Nf3 41. Nd2 Ne1+ 42. Kc3 Kd5 43. a4 Ng2 44. Nc4 Nf4 45. Ne3+ Kc6 46.
Kc4 Ne6 47. a5 Nc7 48. Nf5 Ne6 49. Nd4+ 1-0

[Event "Madrid ch 2016-2017 - Final"]
[Site "Madrid ESP"]
[Date "2017.06.09"]
[Round "5.14"]
[White "Pablos Tenrero, Raquel"]
[Black "Gonzalez Rivera, Eduardo"]
[Result "1-0"]
[WhiteElo "1988"]
[BlackElo "2036"]
[PlyCount "57"]
[EventDate "2017.06.05"]
[EventType "swiss"]
[EventRounds "9"]
[EventCountry "ESP"]
[SourceTitle "Ajedrez en Madrid"]
[Source "lmi"]
[SourceDate "2017.06.05"]

1. d4 Nf6 2. Nc3 d5 3. Bf4 Bf5 4. e3 e6 5. f3 Bd6 6. Bxd6 Qxd6 7. g4 Bg6 8. Qd2
Nbd7 9. O-O-O c6 10. h4 h6 11. h5 Bh7 12. Bd3 Bxd3 13. Qxd3 O-O-O 14. Nge2 e5
15. Ng3 Ne8 16. Nf5 Qf8 17. dxe5 Nxe5 18. Qd4 Nxf3 19. Qxa7 Nd6 20. Nd4 Nxd4
21. Rxd4 Nc4 22. Na4 Qb4 23. Rf4 Rhf8 24. Rhf1 f6 25. b3 Qd2+ 26. Kb1 Qxe3 27.
Nc5 Nd6 28. Rb4 Rfe8 29. Rxb7 1-0

[Event "Madrid ch 2016-2017 - Final"]
[Site "Madrid ESP"]
[Date "2017.06.10"]
[Round "6.1"]
[White "Moreno Ruiz, Javier"]
[Black "Valles Moreno, Ivan"]
[Result "1-0"]
[WhiteElo "2447"]
[BlackElo "2438"]
[PlyCount "105"]
[EventDate "2017.06.05"]
[EventType "swiss"]
[EventRounds "9"]
[EventCountry "ESP"]
[SourceTitle "Ajedrez en Madrid"]
[Source "lmi"]
[SourceDate "2017.06.05"]

1. d4 Nf6 2. c4 g6 3. Nc3 Bg7 4. e4 d6 5. Be2 O-O 6. Nf3 Nbd7 7. O-O e5 8. Be3
c6 9. Qc2 Qe7 10. Rad1 h6 11. h3 exd4 12. Bxd4 Re8 13. Rfe1 Ne5 14. Qd2 Nh7 15.
Nh2 g5 16. Nf1 Qf8 17. Ng3 Be6 18. b3 f5 19. exf5 Bxf5 20. Bh5 Re7 21. Nxf5
Qxf5 22. Ne4 Rd8 23. Ng3 Qf8 24. Bxa7 b5 25. Bb6 Rb8 26. Ba5 Ra7 27. Bc3 bxc4
28. Qxd6 Nd3 29. Qe6+ Kh8 30. Bxg7+ Rxg7 31. Rf1 Nf6 32. Bf3 Re8 33. Qxc6 Ne5
34. Qd6 Nxf3+ 35. gxf3 cxb3 36. axb3 Rb7 37. Qd3 Qf7 38. Nf5 Rd7 39. Qc3 Rc7
40. Qb2 Rf8 41. Nxh6 Qh5 42. Ng4 Qxh3 43. Rd8 Rcf7 44. Rxf8+ Rxf8 45. Nxf6 Rf7
46. Qc3 g4 47. Re1 Re7 48. Nxg4+ Rg7 49. Re8+ Kh7 50. Qd3+ Rg6 51. Re7+ Kh8 52.
Qd8+ Rg8 53. Qd4+ 1-0

[Event "Madrid ch 2016-2017 - Final"]
[Site "Madrid ESP"]
[Date "2017.06.10"]
[Round "6.2"]
[White "Martin Rueda, Daniel"]
[Black "Gascon Del Nogal, Jose Rafael"]
[Result "1/2-1/2"]
[WhiteElo "2302"]
[BlackElo "2490"]
[PlyCount "87"]
[EventDate "2017.06.05"]
[EventType "swiss"]
[EventRounds "9"]
[EventCountry "ESP"]
[SourceTitle "Ajedrez en Madrid"]
[Source "lmi"]
[SourceDate "2017.06.05"]

1. d4 Nf6 2. c4 g6 3. Nf3 Bg7 4. Nc3 O-O 5. e4 d6 6. Be2 e5 7. O-O Nc6 8. d5
Ne7 9. Ne1 Nd7 10. Be3 f5 11. f3 f4 12. Bf2 g5 13. Rc1 Rf6 14. Nd3 Rh6 15. c5
a6 16. g4 fxg3 17. hxg3 Nf6 18. g4 Rg6 19. Na4 Nd7 20. Qb3 Rb8 21. cxd6 cxd6
22. Nb6 Nxb6 23. Qxb6 Qe8 24. Qa7 Bd7 25. Rc7 Rd8 26. Rxb7 h5 27. Rc1 hxg4 28.
fxg4 Ra8 29. Qb6 Bf6 30. Qxd6 Rd8 31. Qc7 Rg7 32. Rb6 Bb5 33. Rxf6 Nxd5 34.
exd5 Rxc7 35. Rxc7 Rxd5 36. Nb4 Rd4 37. Bf3 Qd8 38. Rff7 e4 39. Rg7+ Kf8 40.
Rcf7+ Ke8 41. Re7+ Kf8 42. Ref7+ Ke8 43. Re7+ Kf8 44. Ref7+ 1/2-1/2

[Event "Madrid ch 2016-2017 - Final"]
[Site "Madrid ESP"]
[Date "2017.06.10"]
[Round "6.3"]
[White "Longa Yauca, Javier"]
[Black "Espinosa Aranda, Angel"]
[Result "0-1"]
[WhiteElo "2210"]
[BlackElo "2456"]
[PlyCount "142"]
[EventDate "2017.06.05"]
[EventType "swiss"]
[EventRounds "9"]
[EventCountry "ESP"]
[SourceTitle "Ajedrez en Madrid"]
[Source "lmi"]
[SourceDate "2017.06.05"]

1. c4 b6 2. Nc3 Bb7 3. d4 Nf6 4. f3 d5 5. cxd5 Nxd5 6. e4 Nxc3 7. bxc3 e5 8.
Be3 exd4 9. cxd4 Bb4+ 10. Kf2 O-O 11. Bc4 Nd7 12. Ne2 c5 13. Qb3 Qf6 14. Rad1
cxd4 15. Nxd4 Bc5 16. Nf5 Rad8 17. Rhe1 Bxe3+ 18. Qxe3 Ne5 19. Be2 g6 20. Qh6
Nc6 21. Ne3 Qg7 22. Qf4 Qe5 23. g3 Kg7 24. Qh4 Qe7 25. Qf4 Ne5 26. h4 h6 27.
Rh1 Qc5 28. Rc1 Rd2 29. Rxc5 Nd3+ 30. Kf1 Nxf4 31. Rc2 Nxe2 32. Rxd2 Nxg3+ 33.
Kg2 Nxh1 34. Rd7 Rb8 35. Kxh1 Kf6 36. Kg2 Ke6 37. Rc7 f5 38. exf5+ gxf5 39. Rh7
Ke5 40. Kf2 f4 41. Ng4+ Kd4 42. Rxh6 Bd5 43. Rf6 Bxa2 44. Rxf4+ Kc5 45. Ra4 Bd5
46. Rxa7 Rf8 47. Ne5 Kd4 48. Ra6 Kxe5 49. Rxb6 Rxf3+ 50. Ke2 Rh3 51. Rh6 Kd4
52. Kf2 Rf3+ 53. Kg1 Ke3 54. Kh2 Rf1 55. Kg3 Rg1+ 56. Kh2 Rg7 57. Rf6 Bf3 58.
Rb6 Be4 59. Rf6 Bf3 60. Rb6 Kf2 61. Rb2+ Be2 62. Ra2 Rg2+ 63. Kh3 Rg1 64. Kh2
Rb1 65. Rc2 Rb4 66. Kh3 Kf3 67. Rc3+ Kf4 68. Ra3 Bg4+ 69. Kh2 Rb2+ 70. Kg1 Bf3
71. Ra7 Kg3 0-1

[Event "Madrid ch 2016-2017 - Final"]
[Site "Madrid ESP"]
[Date "2017.06.10"]
[Round "6.4"]
[White "Perez Mitjans, Orelvis"]
[Black "Martin Duque, Jesus"]
[Result "0-1"]
[WhiteElo "2413"]
[BlackElo "2342"]
[PlyCount "112"]
[EventDate "2017.06.05"]
[EventType "swiss"]
[EventRounds "9"]
[EventCountry "ESP"]
[SourceTitle "Ajedrez en Madrid"]
[Source "lmi"]
[SourceDate "2017.06.05"]

1. e4 c5 2. Nf3 Nc6 3. g3 g6 4. d4 cxd4 5. Nxd4 Bg7 6. Ne2 Nf6 7. Bg2 O-O 8.
Nbc3 b5 9. Nxb5 Ba6 10. Nbc3 Rb8 11. O-O Qa5 12. Re1 Rfd8 13. Rb1 Ne5 14. Nd4
Nc4 15. Nb3 Qc7 16. Nd5 Nxd5 17. exd5 e5 18. Bd2 Nxd2 19. Nxd2 Rdc8 20. c4 Bh6
21. b3 d6 22. Rc1 f5 23. Rc2 Qc5 24. Nb1 Bb5 25. Nc3 Bd7 26. Bf1 a5 27. Ree2
Re8 28. Nb5 Bf8 29. a4 f4 30. Bg2 Bg4 31. Be4 fxg3 32. hxg3 Be7 33. Qe1 Ra8 34.
Kg2 Bxe2 35. Rxe2 Rf8 36. Bf3 Kg7 37. Be4 Rf6 38. f3 Bd8 39. Qf2 Qxf2+ 40. Rxf2
Bb6 41. Rb2 h5 42. Rb1 Raf8 43. Rh1 Rh8 44. Bd3 g5 45. Nc3 g4 46. Be2 Rhf8 47.
Rf1 gxf3+ 48. Bxf3 h4 49. gxh4 Rg6+ 50. Kh3 Rf4 51. h5 Rgf6 52. Kg2 Kh6 53. Ne2
R4f5 54. Ng3 Rg5 55. Kh3 Rf4 56. Bg2 Bf2 0-1

[Event "Madrid ch 2016-2017 - Final"]
[Site "Madrid ESP"]
[Date "2017.06.10"]
[Round "6.5"]
[White "Rottenwohrer Suarez, Juan"]
[Black "Almagro Llamas, Pablo"]
[Result "0-1"]
[WhiteElo "2204"]
[BlackElo "2466"]
[PlyCount "66"]
[EventDate "2017.06.05"]
[EventType "swiss"]
[EventRounds "9"]
[EventCountry "ESP"]
[SourceTitle "Ajedrez en Madrid"]
[Source "lmi"]
[SourceDate "2017.06.05"]

1. d4 Nf6 2. c4 e6 3. Nc3 Bb4 4. Qc2 O-O 5. a3 Bxc3+ 6. Qxc3 d6 7. Bg5 h6 8.
Bh4 Nbd7 9. Nf3 b6 10. e3 Bb7 11. Be2 Qe7 12. O-O g5 13. Bg3 Ne4 14. Qc2 f5 15.
Nd2 Qg7 16. f3 Nxg3 17. hxg3 f4 18. gxf4 gxf4 19. Qd3 Nf6 20. Rfe1 Nh5 21. Bf1
Kh8 22. exf4 Nxf4 23. Qe3 Qg3 24. d5 Rg8 25. dxe6 Rae8 26. Ne4 Bxe4 27. fxe4
Qg4 28. Qd2 Rxe6 29. Rac1 Qh4 30. Qd4+ Re5 31. Re3 Kh7 32. Rcc3 Rh5 33. Qd1
Rxg2+ 0-1

[Event "Madrid ch 2016-2017 - Final"]
[Site "Madrid ESP"]
[Date "2017.06.10"]
[Round "6.6"]
[White "Candela Perez, Jose"]
[Black "Torres Bosch, Jose Francisco"]
[Result "1-0"]
[WhiteElo "2370"]
[BlackElo "2132"]
[PlyCount "65"]
[EventDate "2017.06.05"]
[EventType "swiss"]
[EventRounds "9"]
[EventCountry "ESP"]
[SourceTitle "Ajedrez en Madrid"]
[Source "lmi"]
[SourceDate "2017.06.05"]

1. d4 Nf6 2. c4 g6 3. Nf3 Bg7 4. g3 O-O 5. Bg2 d6 6. O-O Nc6 7. Nc3 a6 8. d5
Na5 9. Nd2 c5 10. Qc2 Rb8 11. b3 b5 12. Bb2 e5 13. Rae1 Nh5 14. Nd1 Bh6 15. e3
Bf5 16. e4 Bc8 17. Ne3 f5 18. exf5 gxf5 19. f4 exf4 20. gxf4 Qh4 21. Nf3 Qd8
22. Bh3 Bxf4 23. Nxf5 Rb7 24. Kh1 bxc4 25. Qg2+ Kf7 26. Nh6+ Bxh6 27. Ne5+ Ke8
28. Nc6+ Re7 29. Rxe7+ Qxe7 30. Nxe7 Bb7 31. Rxf8+ Kxf8 32. Nc6 Nf4 33. Qf3 1-0

[Event "Madrid ch 2016-2017 - Final"]
[Site "Madrid ESP"]
[Date "2017.06.10"]
[Round "6.7"]
[White "Pastor Alonso De Prado, Alberto"]
[Black "Anton Veiga, Juan Carlos"]
[Result "1-0"]
[WhiteElo "2169"]
[BlackElo "2096"]
[PlyCount "57"]
[EventDate "2017.06.05"]
[EventType "swiss"]
[EventRounds "9"]
[EventCountry "ESP"]
[SourceTitle "Ajedrez en Madrid"]
[Source "lmi"]
[SourceDate "2017.06.05"]

1. e4 c5 2. c3 Nf6 3. e5 Nd5 4. d4 cxd4 5. Nf3 e6 6. cxd4 b6 7. Nc3 Nxc3 8.
bxc3 Qc7 9. Bd2 d6 10. Bd3 Nd7 11. Ng5 Bb7 12. Qh5 g6 13. Qh3 Bg7 14. O-O dxe5
15. Rae1 Nf8 16. Bb5+ Ke7 17. dxe5 Rd8 18. Qh4 f6 19. Bc1 Rd5 20. exf6+ Bxf6
21. Ba3+ Rc5 22. Qg4 Qd6 23. Bxc5 bxc5 24. Ne4 Bxe4 25. Rxe4 Bxc3 26. Qf3 Bf6
27. Rd1 Qb6 28. Rf4 e5 29. Rxf6 1-0

[Event "Madrid ch 2016-2017 - Final"]
[Site "Madrid ESP"]
[Date "2017.06.10"]
[Round "6.9"]
[White "Quevedo Marin, Manuel"]
[Black "Correas Gonzalez, Jose Ramon"]
[Result "1-0"]
[WhiteElo "2292"]
[BlackElo "2055"]
[PlyCount "55"]
[EventDate "2017.06.05"]
[EventType "swiss"]
[EventRounds "9"]
[EventCountry "ESP"]
[SourceTitle "Ajedrez en Madrid"]
[Source "lmi"]
[SourceDate "2017.06.05"]

1. e4 c5 2. Nf3 d6 3. d4 cxd4 4. Nxd4 Nf6 5. Nc3 a6 6. Qf3 g6 7. h3 Bg7 8. Bg5
Qa5 9. Be3 Nbd7 10. g4 O-O 11. O-O-O Ne5 12. Qg2 Bd7 13. Nb3 Qd8 14. g5 Nh5 15.
f4 Nc6 16. Be2 Bxc3 17. bxc3 Ng7 18. h4 a5 19. h5 a4 20. Nd2 Qa5 21. Nb1 Be6
22. Qh2 f5 23. hxg6 hxg6 24. Qh7+ Kf7 25. exf5 Bxf5 26. Bc4+ e6 27. Rxd6 Rad8
28. Rxe6 1-0